[Event "Milan Palladino Memorial"]
[White "Galli, Fabio"]
[Black "Baltzopoulos, Giorgos"]
[Site "Milan"]
[Round "6"]
[Result "1-0"]
[Date "2013.04.01"]
[WhiteElo "2051"]
[BlackElo "1969"]
[PlyCount "107"]
[EventDate "2013.03.28"]
[EventType "swiss"]
[EventRounds "7"]
[EventCountry "ITA"]
[SourceTitle "EXT 2014"]
[Source "ChessBase"]
[SourceDate "2013.11.20"]
[SourceVersion "1"]
[SourceVersionDate "2013.11.20"]
[SourceQuality "1"]

1. c4 Nf6 2. g3 g6 3. Bg2 d5 4. cxd5 Nxd5 5. Nc3 Nxc3 6. bxc3 Bg7 7. Nf3 0-0 8. 0-0 c5 9. d4 Nc6 10. e3 Qa5 11. Bd2 Rd8 12. Qb3 Qa6 13. Ng5 e6 14. Ne4 Na5 15. Qc2 Bf8 16. Rfd1 Nc4 17. Bf1 Na3 18. Qb2 c4 19. f3 b6 20. Nf2 Bd7 21. e4 Ba4 22. Rdc1 Rac8 23. Bg5 h6 24. Bxd8 Rxd8 25. Ng4 Rc8 26. Qd2 Kh7 27. Qf4 Qb7 28. Nf6+ Kg7 29. Qe5 Kh8 30. Ne8+ Kh7 31. Nd6 Bxd6 32. Qxd6 Nc2 33. Rab1 Rc6 34. Qf4 a5 35. Rb2 Na3 36. Bh3 Rc7 37. d5 exd5 38. exd5 f5 39. g4 fxg4 40. Bxg4 Rf7 41. Qe4 Qc7 42. Be6 Rf4 43. Qe3 Nb5 44. Re1 Rh4 45. Bg4 h5 46. Qe7+ Qxe7 47. Rxe7+ Kh6 48. Bd7 Nxc3 49. Bxa4 Nxa4 50. Rc2 Rd4 51. Kf2 b5 52. Re5 Nc5 53. Ke3 Nd7 54. Re7 1-0

[Event "Bratto op-A 28th"]
[White "Jablon, Stephen Eric"]
[Black "Galli, Fabio"]
[Site "Bratto"]
[Round "4"]
[Result "0-1"]
[Date "2008.08.25"]
[WhiteElo "1994"]
[BlackElo "2070"]
[PlyCount "162"]
[EventDate "2008.08.22"]
[EventType "swiss"]
[EventRounds "9"]
[EventCountry "ITA"]
[SourceTitle "CBM 126 Extra"]
[Source "ChessBase"]
[SourceDate "2008.11.05"]
[SourceVersion "1"]
[SourceVersionDate "2008.11.05"]
[SourceQuality "1"]

1. e4 d6 2. d4 e5 3. dxe5 dxe5 4. Qxd8+ Kxd8 5. Bc4 f6 6. Nc3 c6 7. Be3 Nd7 8. Nge2 Bc5 9. Bxc5 Nxc5 10. Rd1+ Kc7 11. b4 Be6 12. Bxe6 Nxe6 13. 0-0 Ne7 14. Rd3 Rad8 15. Rfd1 Rxd3 16. Rxd3 Rd8 17. Rxd8 Kxd8 18. f3 c5 19. bxc5 Nxc5 20. Kf2 Kd7 21. Nd5 Nxd5 22. exd5 b5 23. Nc3 a6 24. Ne4 Na4 25. g4 Nb6 26. Nc5+ Kd6 27. Nxa6 Kxd5 28. Nc7+ Kc4 29. Ke2 g6 30. h4 b4 31. Kd2 e4 32. fxe4 Kd4 33. Nd5 Nd7 34. Nxb4 Kxe4 35. a4 Nb6 36. Nd3 Nxa4 37. h5 gxh5 38. gxh5 Kf5 39. Ke3 Kg5 40. Nf4 Nc3 41. Kf3 Kh4 42. Ke3 Kg4 43. Kd3 Kxf4 44. Kxc3 Kg5 45. Kd4 Kxh5 46. c4 Kg6 47. Kd5 h5 48. c5 h4 49. c6 h3 50. c7 h2 51. c8Q h1Q+ 52. Kd4 Qh4+ 53. Ke3 Qh6+ 54. Kf2 Qf4+ 55. Kg2 Qe4+ 56. Kg3 Qe5+ 57. Kf2 Kg5 58. Qg8+ Kf5 59. Qc8+ Kf4 60. Qc1+ Kg4 61. Qg1+ Kf5 62. Qb1+ Qe4 63. Qb5+ Kf4 64. Qb8+ Qe5 65. Qb4+ Kg5 66. Qf8 Qb2+ 67. Kf3 Qc3+ 68. Kf2 f5 69. Qe7+ Kg4 70. Qe2+ Kf4 71. Qb5 Qc2+ 72. Kg1 Kg3 73. Qe5+ Kf3 74. Qd5+ Qe4 75. Qd1+ Qe2 76. Qd5+ Qe4 77. Qd1+ Kg3 78. Qb3+ Kf4 79. Qb8+ Kf3 80. Qb2 Qe1+ 81. Kh2 Qf2+ 0-1

[Event "Bratto op-A 28th"]
[White "Galli, Fabio"]
[Black "Qendro, Llambi"]
[Site "Bratto"]
[Round "1"]
[Result "0-1"]
[Date "2008.08.22"]
[WhiteElo "2070"]
[BlackElo "2375"]
[PlyCount "60"]
[EventDate "2008.08.22"]
[EventType "swiss"]
[EventRounds "9"]
[EventCountry "ITA"]
[SourceTitle "CBM 126 Extra"]
[Source "ChessBase"]
[SourceDate "2008.11.05"]
[SourceVersion "1"]
[SourceVersionDate "2008.11.05"]
[SourceQuality "1"]

1. e4 g6 2. d4 Bg7 3. g3 d5 4. e5 f6 5. exf6 Nxf6 6. Bg2 Nc6 7. Ne2 e5 8. c3 0-0 9. 0-0 Bg4 10. f3 Bf5 11. dxe5 Nxe5 12. Nd4 Qd7 13. Nxf5 Qxf5 14. Na3 Rfe8 15. g4 Qd3 16. Bf4 c6 17. Re1 Nfd7 18. Re3 Qxd1+ 19. Rxd1 Bf8 20. Nc2 Bc5 21. Nd4 Nc4 22. Rxe8+ Rxe8 23. b3 Na3 24. Kf1 Nf8 25. g5 Bxd4 26. Rxd4 Ne6 27. Ra4 Nb5 28. Bc1 Nxc3 29. Rxa7 Nc5 30. a4 Nd3 0-1

[Event "Milan Crespi op-A 28th"]
[White "Galli, Fabio"]
[Black "Bosi, Clint"]
[Site "Milan"]
[Round "7"]
[Result "0-1"]
[Date "2007.12.09"]
[WhiteElo "2079"]
[BlackElo "2050"]
[PlyCount "72"]
[EventDate "2007.12.05"]
[EventType "swiss"]
[EventRounds "7"]
[EventCountry "ITA"]
[SourceTitle "EXT 2009"]
[Source "ChessBase"]
[SourceDate "2008.11.26"]
[SourceVersion "1"]
[SourceVersionDate "2008.11.26"]
[SourceQuality "1"]

1. e4 c5 2. a3 e5 3. Bc4 Nf6 4. Nc3 d6 5. d3 Be6 6. Nge2 Nbd7 7. f4 Bxc4 8. dxc4 exf4 9. Bxf4 Ne5 10. Bxe5 dxe5 11. Qxd8+ Rxd8 12. Ng3 Rd4 13. b3 g6 14. Nb5 Rd7 15. Nc3 Rd4 16. Nb5 Nxe4 17. Nxd4 Nxg3 18. hxg3 cxd4 19. Kd2 e4 20. Rh4 f5 21. Rah1 h5 22. Ke2 Bxa3 23. Ra1 Bc5 24. b4 Bxb4 25. Rxa7 Rh7 26. Rh1 Bc5 27. Ra8+ Kf7 28. Rb1 Kf6 29. Rb8 b6 30. Ra1 Rd7 31. Raa8 d3+ 32. cxd3 Rxd3 33. g4 hxg4 34. Rg8 Kg5 35. Ra7 Rd6 36. g3 Rd3 0-1

[Event "Milan Crespi op-A 28th"]
[White "Galli, Fabio"]
[Black "Arboscelli, Gregorio"]
[Site "Milan"]
[Round "1"]
[Result "1-0"]
[Date "2007.12.05"]
[WhiteElo "2079"]
[BlackElo "1913"]
[PlyCount "109"]
[EventDate "2007.12.05"]
[EventType "swiss"]
[EventRounds "7"]
[EventCountry "ITA"]
[SourceTitle "EXT 2009"]
[Source "ChessBase"]
[SourceDate "2008.11.26"]
[SourceVersion "1"]
[SourceVersionDate "2008.11.26"]
[SourceQuality "1"]

1. e4 e5 2. d4 exd4 3. Qxd4 Nc6 4. Qe3 d6 5. Bd2 Nf6 6. Nc3 Be7 7. f3 Be6 8. 0-0-0 Qd7 9. g4 h6 10. h3 a6 11. Bg2 Ne5 12. f4 Nc4 13. Qd3 Nxd2 14. Rxd2 Qc6 15. e5 Qb6 16. exf6 Bxf6 17. Nf3 0-0-0 18. Nd4 Qa5 19. a3 Rhe8 20. Nxe6 Rxe6 21. Nd5 Rde8 22. Nxf6 gxf6 23. Qf5 Qxf5 24. gxf5 Re3 25. Bd5 R8e7 26. Rg2 c6 27. Bc4 R3e4 28. Ba2 Rxf4 29. Rg4 Rf2 30. Rh4 c5 31. Rxh6 d5 32. c3 c4 33. Bb1 Ree2 34. Rxf6 Rxb2 35. Rg1 Kb8 36. Rd6 Rb3 37. Rxd5 Rxc3+ 38. Kd1 Rxh3 39. Rd2 Rff3 40. a4 Ra3 41. Ra2 Rab3 42. Bc2 Rbc3 43. a5 Ra3 44. Rxa3 Rxa3 45. Rg4 Rxa5 46. Rxc4 Rd5+ 47. Kc1 b5 48. Rc6 a5 49. Rf6 Rd7 50. Bb3 Kc7 51. Bxf7 Rd6 52. Rg6 a4 53. Be8 a3 54. Rxd6 Kxd6 55. Bxb5 1-0

[Event "Ceriano Laghetto op-A"]
[White "Galli, Fabio"]
[Black "Mastroddi, Emiliano"]
[Site "Ceriano Laghetto"]
[Round "2"]
[Result "1/2-1/2"]
[Date "2007.03.31"]
[WhiteElo "2066"]
[BlackElo "2106"]
[PlyCount "32"]
[EventDate "2007.03.30"]
[EventType "swiss"]
[EventRounds "5"]
[EventCountry "ITA"]
[SourceTitle "EXT 2008"]
[Source "ChessBase"]
[SourceDate "2007.11.25"]
[SourceVersion "1"]
[SourceVersionDate "2007.11.25"]
[SourceQuality "1"]

1. e4 e5 2. Nf3 Nc6 3. Bb5 Nf6 4. 0-0 Nxe4 5. Re1 Nd6 6. Nxe5 Nxe5 7. Rxe5+ Be7 8. Bf1 0-0 9. d4 Bf6 10. Re1 Nf5 11. c3 d5 12. Bf4 c6 13. Nd2 Nh4 14. h3 Be6 15. Be5 Bxe5 16. Rxe5 Ng6 1/2-1/2

[Event "Ceriano Laghetto op-A"]
[White "Johansson, Alexander"]
[Black "Galli, Fabio"]
[Site "Ceriano Laghetto"]
[Round "3"]
[Result "0-1"]
[Date "2007.03.31"]
[WhiteElo "2018"]
[BlackElo "2066"]
[PlyCount "76"]
[EventDate "2007.03.30"]
[EventType "swiss"]
[EventRounds "5"]
[EventCountry "ITA"]
[SourceTitle "EXT 2008"]
[Source "ChessBase"]
[SourceDate "2007.11.25"]
[SourceVersion "1"]
[SourceVersionDate "2007.11.25"]
[SourceQuality "1"]

1. d4 d5 2. Nf3 Nf6 3. Bg5 e6 4. e3 c6 5. Nbd2 Nbd7 6. Bd3 Qc7 7. 0-0 Bd6 8. Qe2 b6 9. c3 Bb7 10. Rfe1 c5 11. e4 dxe4 12. Nxe4 Nxe4 13. Bxe4 Bxe4 14. Qxe4 0-0 15. Bh4 Rfe8 16. g4 Nf8 17. g5 Ng6 18. Bg3 Rad8 19. Ne5 Bxe5 20. Bxe5 Nxe5 21. dxe5 Rd2 22. h4 Qd7 23. h5 Rxb2 24. Re3 Rd2 25. Rae1 Rd1 26. Qf4 Rxe1+ 27. Rxe1 Rd8 28. h6 Qd2 29. Re3 Qd1+ 30. Kg2 Qh5 31. Rh3 Qg6 32. hxg7 Qf5 33. Qh4 Rd3 34. Rxd3 Qxd3 35. Qh6 Qe4+ 36. Kf1 Qxe5 37. Qf6 Qxf6 38. gxf6 b5 0-1

[Event "Milan Crespi op 27th"]
[White "Johansson, Alexander"]
[Black "Galli, Fabio"]
[Site "Milan"]
[Round "6"]
[Result "1/2-1/2"]
[Date "2006.12.10"]
[WhiteElo "2021"]
[BlackElo "2066"]
[PlyCount "78"]
[EventDate "2006.12.07"]
[EventType "swiss"]
[EventRounds "6"]
[EventCountry "ITA"]
[SourceTitle "EXT 2008"]
[Source "ChessBase"]
[SourceDate "2007.11.25"]
[SourceVersion "1"]
[SourceVersionDate "2007.11.25"]
[SourceQuality "1"]

1. d4 d5 2. Nf3 Nf6 3. g3 e6 4. Bg2 c5 5. c4 cxd4 6. Nxd4 Bb4+ 7. Bd2 Bxd2+ 8. Nxd2 0-0 9. 0-0 Bd7 10. Qb3 Nc6 11. Nxc6 Bxc6 12. Rfd1 Qe7 13. cxd5 Bxd5 14. Bxd5 Nxd5 15. e4 Nb6 16. a4 Rad8 17. a5 Nc8 18. Nc4 Qc7 19. Rac1 Rxd1+ 20. Rxd1 b6 21. axb6 Nxb6 22. Nxb6 axb6 23. Qc3 Qxc3 24. bxc3 Rc8 25. Rd3 Kf8 26. Kf1 Rc4 27. f3 b5 28. Ke2 b4 29. cxb4 Rxb4 30. Ke3 Ke7 31. e5 f6 32. f4 fxe5 33. fxe5 h5 34. Ra3 h4 35. Ra7+ Kf8 36. Kf3 hxg3 37. hxg3 Rc4 38. Rd7 Ra4 39. Ke3 Rg4 1/2-1/2

[Event "Milan Crespi op 27th"]
[White "Galli, Fabio"]
[Black "Di Paola, Antonio"]
[Site "Milan"]
[Round "1"]
[Result "1/2-1/2"]
[Date "2006.12.07"]
[WhiteElo "2066"]
[BlackElo "1906"]
[PlyCount "64"]
[EventDate "2006.12.07"]
[EventType "swiss"]
[EventRounds "6"]
[EventCountry "ITA"]
[SourceTitle "EXT 2008"]
[Source "ChessBase"]
[SourceDate "2007.11.25"]
[SourceVersion "1"]
[SourceVersionDate "2007.11.25"]
[SourceQuality "1"]

1. e4 c6 2. d4 d5 3. exd5 cxd5 4. Bd3 Nf6 5. c3 Nc6 6. f4 g6 7. Qc2 Bh6 8. Nf3 Nh5 9. g3 Bh3 10. Ne5 Nxe5 11. fxe5 Bxc1 12. Qxc1 Qb6 13. Nd2 0-0 14. Bf1 Bf5 15. Be2 Ng7 16. 0-0 f6 17. Nf3 Be4 18. exf6 exf6 19. Qd2 Rae8 20. b3 Nf5 21. Rae1 Qd6 22. g4 Ng3 23. Rf2 Nxe2+ 24. Rexe2 Qd7 25. Qf4 Bxf3 26. Qxf3 Rxe2 27. Rxe2 Kg7 28. Kg2 Re8 29. Rxe8 Qxe8 30. Qxd5 Qe2+ 31. Kg3 Qe1+ 32. Kg2 Qe2+ 1/2-1/2

[Event "Bratto op 23rd"]
[White "Tirrito, Luca"]
[Black "Galli, Fabio"]
[Site "Bratto"]
[Round "6"]
[Result "1/2-1/2"]
[Date "2003.08.26"]
[WhiteElo "2036"]
[BlackElo "2086"]
[PlyCount "90"]
[EventDate "2003.08.21"]
[EventType "swiss"]
[EventRounds "9"]
[EventCountry "ITA"]
[SourceTitle "EXT 2004"]
[Source "ChessBase"]
[SourceDate "2003.11.25"]
[SourceVersion "1"]
[SourceVersionDate "2003.11.25"]
[SourceQuality "1"]

1. e4 e6 2. d4 d5 3. e5 b6 4. c3 Qd7 5. Nf3 Ne7 6. Na3 Ba6 7. Bxa6 Nxa6 8. Qd3 Nb8 9. Be3 Ng6 10. Nc2 c5 11. h4 h5 12. b3 Nc6 13. Bd2 Nge7 14. b4 cxb4 15. cxb4 a5 16. b5 Na7 17. a4 Nf5 18. Ne3 Nxe3 19. Bxe3 Bb4+ 20. Bd2 Bxd2+ 21. Nxd2 Rc8 22. 0-0 Qe7 23. Qg3 0-0 24. f4 f5 25. Rfc1 Kh7 26. Nf3 g6 27. Rxc8 Rxc8 28. Qg5 Qxg5 29. Nxg5+ Kg8 30. Nxe6 Kf7 31. Ng5+ Ke7 32. Nf3 Rc4 33. Ra2 Nc8 34. Kf2 Kd7 35. Ke3 Ne7 36. Kd3 Ng8 37. Nd2 Rc8 38. Rc2 Rxc2 39. Kxc2 Ne7 40. Nf3 Kc7 41. Ng5 Kd7 42. Nh7 Kc7 43. Nf6 Kc8 44. g3 Kd8 45. Kd3 Kc8 1/2-1/2

[Event "Bratto op 21st"]
[White "Bresciani, Nicola"]
[Black "Galli, Fabio"]
[Site "Bratto"]
[Round "8"]
[Result "1-0"]
[Date "2001.08.29"]
[WhiteElo "2278"]
[BlackElo "2079"]
[PlyCount "99"]
[EventDate "2001.08.22"]
[EventType "swiss"]
[EventRounds "9"]
[EventCountry "ITA"]
[SourceTitle "EXT 2002"]
[Source "ChessBase"]
[SourceDate "2001.11.25"]
[SourceVersion "1"]
[SourceVersionDate "2001.11.25"]
[SourceQuality "1"]

1. e4 c5 2. Nf3 Nc6 3. d4 cxd4 4. Nxd4 Nf6 5. Nc3 d6 6. Be2 e6 7. 0-0 Be7 8. Be3 a6 9. f4 Qc7 10. Qe1 b5 11. Nxc6 Qxc6 12. e5 Nd5 13. Nxd5 exd5 14. exd6 Qxd6 15. Bf3 0-0 16. Rd1 Bb7 17. Qf2 Rac8 18. g3 Bf6 19. c3 Ba8 20. Bd4 Bxd4 21. Rxd4 Rfe8 22. Rfd1 Rcd8 23. Qg2 Qe6 24. Bxd5 Bxd5 25. Rxd5 Rxd5 26. Rxd5 Qe1+ 27. Qf1 Qe4 28. Qd1 Qe3+ 29. Kg2 g6 30. Rd8 Qe4+ 31. Kf2 Qe3+ 32. Kf1 h6 33. Rxe8+ Qxe8 34. Qd5 Qe3 35. Qd1 Qe6 36. a3 Qe4 37. Kf2 h5 38. Qe2 Qd5 39. Ke3 a5 40. Qd3 Qb3 41. c4 Qxb2 42. cxb5 a4 43. Ke4 Kh7 44. h4 Qc1 45. Kd4 Qb2+ 46. Kc4 Kg8 47. Qc3 Qb1 48. Kc5 Qb3 49. Qb4 Qe3+ 50. Kc6 1-0

[Event "Bratto op 21st"]
[White "Battaggia, Piergiorgio"]
[Black "Galli, Fabio"]
[Site "Bratto"]
[Round "6"]
[Result "1/2-1/2"]
[Date "2001.08.27"]
[WhiteElo "2114"]
[BlackElo "2079"]
[PlyCount "28"]
[EventDate "2001.08.22"]
[EventType "swiss"]
[EventRounds "9"]
[EventCountry "ITA"]
[SourceTitle "EXT 2002"]
[Source "ChessBase"]
[SourceDate "2001.11.25"]
[SourceVersion "1"]
[SourceVersionDate "2001.11.25"]
[SourceQuality "1"]

1. d4 d6 2. c4 e5 3. Nf3 Nc6 4. Nc3 Nf6 5. d5 Nb8 6. e4 Be7 7. Bd3 Nbd7 8. h3 Nc5 9. Bc2 a5 10. Be3 Nfd7 11. 0-0 0-0 12. Nb5 b6 13. b3 Nf6 14. Nd2 Ne8 1/2-1/2

[Event "Milan Crespi op 21st"]
[White "Hitzgerova, Gabriela"]
[Black "Galli, Fabio"]
[Site "Milan"]
[Round "5"]
[Result "1-0"]
[Date "2000.12.06"]
[WhiteElo "2245"]
[BlackElo "2107"]
[PlyCount "65"]
[EventDate "2000.12.04"]
[EventType "swiss"]
[EventRounds "5"]
[EventCountry "ITA"]
[SourceTitle "CBM 079 Extra"]
[Source "ChessBase"]
[SourceDate "2001.01.11"]
[SourceVersion "2"]
[SourceVersionDate "2001.01.25"]
[SourceQuality "1"]

1. e4 c5 2. Nf3 Nc6 3. d4 cxd4 4. Nxd4 Nf6 5. Nc3 d6 6. Bg5 e6 7. Qd2 Be7 8. 0-0-0 0-0 9. f3 a6 10. h4 Nxd4 11. Qxd4 Qa5 12. Kb1 b5 13. g4 b4 14. Ne2 e5 15. Qd2 Be6 16. Nc1 Rfd8 17. Bxf6 Bxf6 18. g5 Be7 19. Bh3 Qb6 20. g6 a5 21. gxh7+ Kxh7 22. Bxe6 fxe6 23. Rdg1 g6 24. f4 exf4 25. Qxf4 Qd4 26. Qf7+ Qg7 27. Qxe6 Bf6 28. Nd3 a4 29. Nf4 b3 30. Rxg6 bxc2+ 31. Kxc2 Qc7+ 32. Kb1 Rdc8 33. Rg2 1-0

[Event "Corsico op 21st"]
[White "Everet, Alexandro"]
[Black "Galli, Fabio"]
[Site "Corsico"]
[Round "4"]
[Result "1-0"]
[Date "2000.10.07"]
[WhiteElo "2348"]
[BlackElo "2107"]
[PlyCount "89"]
[EventDate "2000.09.30"]
[EventType "swiss"]
[EventRounds "6"]
[EventCountry "ITA"]
[SourceTitle "EXT 2024"]
[Source "ChessBase"]
[SourceDate "2023.10.10"]
[SourceVersion "1"]
[SourceVersionDate "2023.10.10"]
[SourceQuality "1"]

1. b4 e5 2. Bb2 f6 3. a3 d5 4. d4 e4 5. e3 Be6 6. Nd2 Bd6 7. c4 c6 8. Qb3 Bf7 9. Ne2 Ne7 10. Nc3 Nd7 11. Be2 0-0 12. g4 f5 13. gxf5 Nxf5 14. 0-0-0 Nf6 15. h4 Qe7 16. Rdg1 a5 17. c5 Bc7 18. b5 b6 19. Rg5 g6 20. cxb6 Bxb6 21. bxc6 Rab8 22. Qa4 Rfc8 23. h5 h6 24. Rgg1 g5 25. Kb1 Be8 26. Bb5 Qd6 27. Rc1 Ne7 28. Qb3 Kg7 29. a4 Bxc6 30. Ka1 Bxb5 31. axb5 Rc7 32. Ba3 Qe6 33. Na4 Rxc1+ 34. Bxc1 Ba7 35. Ba3 Nc8 36. Nb1 Nb6 37. Nxb6 Bxb6 38. Nc3 Qd7 39. Na4 Kh7 40. Ka2 Kh8 41. Rc1 Bd8 42. b6 Qb7 43. Bd6 Ra8 44. Be5 Kg7 45. Nc5 1-0

[Event "Corsico op 21st"]
[White "Lapiccirella, Mattia"]
[Black "Galli, Fabio"]
[Site "Corsico"]
[Round "5"]
[Result "1-0"]
[Date "2000.10.07"]
[WhiteElo "2144"]
[BlackElo "2107"]
[PlyCount "81"]
[EventDate "2000.09.30"]
[EventType "swiss"]
[EventRounds "6"]
[EventCountry "ITA"]
[SourceTitle "EXT 2024"]
[Source "ChessBase"]
[SourceDate "2023.10.10"]
[SourceVersion "1"]
[SourceVersionDate "2023.10.10"]
[SourceQuality "1"]

1. d4 Nf6 2. c4 e6 3. Nf3 c5 4. Nc3 cxd4 5. Nxd4 a6 6. g3 d5 7. cxd5 Nxd5 8. Bg2 Nxc3 9. bxc3 e5 10. Nc2 Qxd1+ 11. Kxd1 Nc6 12. Rb1 Bc5 13. Be3 Bxe3 14. Nxe3 0-0 15. Bxc6 bxc6 16. Rb6 Be6 17. Kc2 Rfb8 18. Rhb1 Rc8 19. R1b4 Kf8 20. Ra4 a5 21. Nc4 Bxc4 22. Rxc4 Ke7 23. Rbxc6 Rxc6 24. Rxc6 Kd7 25. Rc5 Kd6 26. Rb5 Ra7 27. a4 f6 28. e4 Kc6 29. f3 Ra8 30. c4 Ra7 31. Kc3 Ra8 32. f4 exf4 33. gxf4 Re8 34. Kd4 Rd8+ 35. Rd5 Ra8 36. e5 Ra7 37. Rd6+ Kc7 38. Kc5 Rb7 39. e6 Rb2 40. Rd7+ Kc8 41. Rxg7 1-0

[Event "Corsico op 21st"]
[White "Lapiccirella, Daniele"]
[Black "Galli, Fabio"]
[Site "Corsico"]
[Round "2"]
[Result "1/2-1/2"]
[Date "2000.09.30"]
[WhiteElo "2084"]
[BlackElo "2107"]
[PlyCount "28"]
[EventDate "2000.09.??"]
[EventType "swiss"]
[EventRounds "5"]
[EventCountry "ITA"]
[SourceTitle "EXT 2005"]
[Source "ChessBase"]
[SourceDate "2004.11.15"]
[SourceVersion "1"]
[SourceVersionDate "2004.11.15"]
[SourceQuality "1"]

1. d4 Nf6 2. c4 e6 3. Bg5 c5 4. d5 b5 5. e4 h6 6. Bxf6 Qxf6 7. Qc2 Na6 8. a3 exd5 9. exd5 Nc7 10. Nc3 bxc4 11. Bxc4 Be7 12. Nge2 0-0 13. 0-0 d6 14. Ng3 Bd7 1/2-1/2

[Event "Ceriano Laghetto op"]
[White "Barlocco, Carlo"]
[Black "Galli, Fabio"]
[Site "Ceriano Laghetto"]
[Round "6"]
[Result "1/2-1/2"]
[Date "2000.02.13"]
[WhiteElo "2170"]
[BlackElo "2093"]
[PlyCount "60"]
[EventDate "2000.02.??"]
[EventType "swiss"]
[EventRounds "6"]
[EventCountry "ITA"]
[SourceTitle "EXT 2005"]
[Source "ChessBase"]
[SourceDate "2004.11.15"]
[SourceVersion "1"]
[SourceVersionDate "2004.11.15"]
[SourceQuality "1"]

1. d4 d5 2. Nf3 e6 3. c4 Nf6 4. Nc3 c6 5. cxd5 Nxd5 6. e4 Nf6 7. Bg5 Be7 8. Bd3 h6 9. Bxf6 Bxf6 10. e5 Be7 11. 0-0 0-0 12. Qe2 Nd7 13. Rfd1 Nb6 14. Rac1 Nd5 15. Bb1 b6 16. Qe4 g6 17. Qg4 Kg7 18. Ne2 Bb7 19. Nf4 Nxf4 20. Qxf4 Bg5 21. Nxg5 Qxg5 22. Qxg5 hxg5 23. f3 Rfd8 24. Be4 Rac8 25. Kf2 Rc7 26. b4 c5 27. bxc5 Bxe4 28. fxe4 bxc5 29. d5 exd5 30. Rxd5 Rb8 1/2-1/2

[Event "Ceriano Laghetto op"]
[White "Bianchi, Andrea"]
[Black "Galli, Fabio"]
[Site "Ceriano Laghetto"]
[Round "4"]
[Result "0-1"]
[Date "2000.02.12"]
[WhiteElo "2121"]
[BlackElo "2093"]
[PlyCount "121"]
[EventDate "2000.02.??"]
[EventType "swiss"]
[EventRounds "6"]
[EventCountry "ITA"]
[SourceTitle "EXT 2005"]
[Source "ChessBase"]
[SourceDate "2004.11.15"]
[SourceVersion "1"]
[SourceVersionDate "2004.11.15"]
[SourceQuality "1"]

1. Nf3 e6 2. c4 Nf6 3. Nc3 d5 4. g3 c6 5. Bg2 Bd6 6. cxd5 exd5 7. d4 Be6 8. 0-0 Nbd7 9. Qc2 Rc8 10. e4 dxe4 11. Nxe4 Nxe4 12. Qxe4 Nf6 13. Qe2 0-0 14. Be3 Re8 15. Qc2 Bd5 16. a3 h6 17. Nh4 Bxg2 18. Nxg2 Nd5 19. Qb3 Qb6 20. Qd3 Re7 21. b4 a5 22. Nh4 axb4 23. axb4 Rce8 24. Nf5 Re6 25. Rab1 Bf8 26. b5 Qc7 27. bxc6 bxc6 28. Rb3 Nxe3 29. Nxe3 Rd8 30. Qc4 Qd7 31. Rd1 Re4 32. Rbd3 Qe6 33. Qc3 Qf6 34. d5 Qxc3 35. Rxc3 cxd5 36. Rxd5 Rxe3 37. Rxe3 Rxd5 38. Kg2 g6 39. g4 Kg7 40. Kf3 Rd2 41. Rc3 Be7 42. Ke3 Ra2 43. Rc7 Bh4 44. f3 Rxh2 45. Rb7 Ra2 46. Rb3 Bg5+ 47. f4 Bf6 48. Kf3 Rc2 49. Rb7 Rc3+ 50. Kg2 Bh4 51. f5 Rg3+ 52. Kh2 Rxg4 53. Kh3 Ra4 54. Rb5 Bf6 55. Rd5 g5 56. Rb5 h5 57. Rd5 Ra3+ 58. Kg2 Re3 59. Rd7 Re5 60. Rxf7+ Kxf7 61. Kg3 0-1

[Event "Ceriano Laghetto op"]
[White "Everet, Alexandro"]
[Black "Galli, Fabio"]
[Site "Ceriano Laghetto"]
[Round "2"]
[Result "1-0"]
[Date "2000.02.05"]
[WhiteElo "2357"]
[BlackElo "2093"]
[PlyCount "43"]
[EventDate "2000.02.??"]
[EventType "swiss"]
[EventRounds "6"]
[EventCountry "ITA"]
[SourceTitle "EXT 2005"]
[Source "ChessBase"]
[SourceDate "2004.11.15"]
[SourceVersion "1"]
[SourceVersionDate "2004.11.15"]
[SourceQuality "1"]

1. d4 d6 2. Nf3 Nc6 3. e4 e5 4. d5 Nb8 5. Bd3 Nf6 6. h3 Be7 7. Nc3 Nbd7 8. Be3 c6 9. Bc4 Nb6 10. Bb3 cxd5 11. exd5 h6 12. g4 Bd7 13. Qd2 g5 14. 0-0-0 Qc7 15. Nxe5 dxe5 16. d6 Nc4 17. Bxc4 Qxc4 18. dxe7 Qc7 19. Rhe1 Bc6 20. Bc5 Nd7 21. Bd6 Qa5 22. Bxe5 1-0

[Event "Milan op"]
[White "Griffa, Roberto"]
[Black "Galli, Fabio"]
[Site "Milan"]
[Round "5"]
[Result "0-1"]
[Date "2000.??.??"]
[WhiteElo "2062"]
[BlackElo "2093"]
[PlyCount "92"]
[EventDate "2000.??.??"]
[EventType "swiss"]
[EventRounds "6"]
[EventCountry "ITA"]
[SourceTitle "EXT 2001"]
[Source "ChessBase"]
[SourceDate "2000.11.22"]
[SourceVersion "1"]
[SourceVersionDate "2000.11.22"]
[SourceQuality "1"]

1. d4 d5 2. Nf3 e6 3. e3 Nf6 4. Bd3 c5 5. b3 Nc6 6. Bb2 Bd6 7. Ne5 cxd4 8. exd4 Nb4 9. Bb5+ Bd7 10. Nxd7 Nxd7 11. a3 Nc6 12. Nd2 0-0 13. 0-0 Qb6 14. c4 dxc4 15. Bxc6 Qxc6 16. bxc4 Qc7 17. g3 Rac8 18. Qe2 Rfe8 19. Rac1 e5 20. Rfe1 Qb8 21. Qg4 Nf6 22. Qf5 exd4 23. Bxd4 Bxa3 24. Bxf6 gxf6 25. Qxf6 Rc6 26. Qg5+ Rg6 27. Qb5 Rge6 28. Rxe6 Rxe6 29. Ra1 Bf8 30. Nf3 a6 31. Qg5+ Rg6 32. Qd5 Qc7 33. Rb1 Rc6 34. Ne5 Rc5 35. Qxf7+ Qxf7 36. Nxf7 Kxf7 37. Rxb7+ Be7 38. Rb6 a5 39. Rh6 Kg7 40. Re6 Bd8 41. Rd6 Bc7 42. Rd7+ Kg8 43. Rd4 a4 44. Kf1 a3 45. Rd3 a2 46. Ra3 Ra5 0-1

[Event "Milan op"]
[White "Qendro, Llambi"]
[Black "Galli, Fabio"]
[Site "Milan"]
[Round "2"]
[Result "1-0"]
[Date "2000.??.??"]
[WhiteElo "2350"]
[BlackElo "2093"]
[PlyCount "41"]
[EventDate "2000.??.??"]
[EventType "swiss"]
[EventRounds "6"]
[EventCountry "ITA"]
[SourceTitle "EXT 2001"]
[Source "ChessBase"]
[SourceDate "2000.11.22"]
[SourceVersion "1"]
[SourceVersionDate "2000.11.22"]
[SourceQuality "1"]

1. d4 c6 2. c4 d5 3. cxd5 cxd5 4. Nf3 Nc6 5. Nc3 Nf6 6. Bf4 e6 7. e3 Be7 8. Bd3 Nh5 9. Be5 Nxe5 10. Nxe5 Nf6 11. 0-0 Nd7 12. f4 Nxe5 13. fxe5 0-0 14. Ne2 f6 15. Nf4 f5 16. g4 g5 17. Nh5 fxg4 18. Qxg4 Bd7 19. Qh3 h6 20. Nf6+ Bxf6 21. Qxh6 1-0